000 03259nab a2200277 i 4500
003 BR-BrBNA
005 20250716165931.0
008 250716b2019 bl.ar|pooa||| 00| 0 por |
040 _aBR-BrBNA
_bpor
072 _aF70
100 _aSousa, Nelma Xavier Marques de
100 _aVieira, Ana Odete Santos
100 _aCosta, Grênivel Mota da
100 _aAona, Lidyanne Yuriko Saleme
245 _aCaracteres importantes na identificação de espécies de Ludwigia (Onagraceae) ocorrentes no Recôncavo da Bahia, Brasil
500 _aPublicação on-line; 39 ref.; 1 table; 3 illus.; Summaries (En, Pt)
520 _a Resumo Na flora aquática do Brasil, o gênero Ludwigia apresenta ca. 48 espécies. A maioria das espécies de Ludwigia é anfíbia, apresentando uma grande plasticidade fenotípica, o que torna sua identificação complexa. O objetivo deste trabalho foi realizar um levantamento taxonômico e analisar caracteres diagnósticos na delimitação das espécies de Ludwigia ocorrentes no Recôncavo da Bahia. As coletas foram feitas de 2013 a 2016. Foram realizadas análises morfológicas, com ênfase nos frutos e sementes de materiais coletados e exsicatas de acervos de herbários da Bahia. Foram encontradas cinco espécies para o Recôncavo da Bahia: L. erecta, L. hyssopifolia, L. leptocarpa, L. octovalvis e L. peploides, sendo apresentada uma chave de identificação, além de descrições, fotos e comentários taxonômicos sobre as espécies. Os caracteres diagnósticos avaliados como mais relevantes neste estudo foram: forma e inserção dos óvulos nos lóculos, forma, dimensão e coloração das sementes e características do endocarpo e da rafe. Palavras-chave: endocarpo, fruto, plantas aquáticas, rafe, semente. Abstract In the aquatic flora of Brazil, the genus Ludwigia presents ca. 48 species. Ludwigia species are mostly helophytes and exhibit great phenotypic plasticity, which makes their identification difficult. The objective of our work was to analyse diagnostic characters that are of importance for the delimitation of Ludwigia species occurring in the Recôncavo basin of Bahia. Collections were made from 2013 to 2016. Morphological analysis was carried out using material collected in the field and specimens studied in several Bahian herbaria. Five species were found for the Recôncavo of Bahia: L. erecta, L. hyssopifolia, L. leptocarpa, L. octovalvis and L. peploides. An identification key, descriptions, photos and taxonomic comments are presented. The following fruit and seed characters were considered as the most important diagnostic features: ovary characters, ovule shape and placentation types, seed shape, dimensions, colour, endocarp and raphe. Key words: endocarp, fruit, aquatic plants, raphe, seed.
650 _aPERICARPO
650 _aFRUTO
650 _aPLANTA AQUÁTICA
650 _aSEMENTE
773 0 _0709
_9351354
_dRio de Janeiro-RJ Jardim Botanico do Rio de Janeiro 1935
_o2025-3977
_tRodriguésia (Brazil)
_x0370-6583; 2175-7860 on-line
_gv. 70 p. 1-13; (2019)
_wBR2025003242
856 _uhttps://www.scielo.br/j/rod/a/kdFZtG5m8nzhhQfjy6mJnNH/?format=pdf&lang=pt
942 _cANA
999 _c333638
_d333638